| 000 | 01563nam a22003977a 4500 | ||
|---|---|---|---|
| 003 | CHAP | ||
| 005 | 20220329143158.0 | ||
| 008 | 061113d2003 mx r 00110 spa d | ||
| 010 | _a92978 | ||
| 011 | _a93950 | ||
| 020 | _a9680200140 | ||
| 035 | _a104533 | ||
| 040 | _cCHAP | ||
| 082 | 0 | 4 |
_a333.791 _bS3 |
| 100 | 0 | 0 |
_aSánchez Vélez, Alejandro S. _9107932 |
| 245 | 1 | 0 |
_aAhorro y uso eficiente de energía eléctrica en la UACh : _b(Documento preliminar) _c/por Alejandro Sánchez Vélez [y otros] |
| 260 |
_aChapingo, Méx. _bUACH, _c2003. |
||
| 300 |
_a109 p. : _bilus. |
||
| 590 |
_aBATCH-UPD _b10 _c20130110 _lUCH01 _h1946 |
||
| 590 |
_aBATCH-UPD _b10 _c20130410 _lUCH01 _h1308 |
||
| 590 |
_aBATCH-UPD _b10 _c20130914 _lUCH01 _h1313 |
||
| 590 |
_aCONVERSION _b10 _c20130109 _lUCH01 _h1351 |
||
| 650 | 0 | 4 |
_aUACH _9115798 |
| 650 | 1 | 4 |
_aEnergía eléctrica. _936901 |
| 650 | 1 | 4 |
_aEnergía _xConsumo. _936884 |
| 901 | _aBK | ||
| 905 | _aLilia | ||
| 942 | _cLIBRO | ||
| 949 |
_a333.791 S3 _bBC _cLIBRO _d33724002000355 _eLIBRO _fc.2 _h108392 _i104533 _sb |
||
| 949 |
_a333.791 S3 _bBC _cLIBRO _d33724002000397 _eLIBRO _fc.3 _h108393 _i104533 _sb |
||
| 949 |
_a333.791 S3 _bBC _cLIBRO _d33724002000439 _eLIBRO _fc.4 _h108394 _i104533 _sb |
||
| 949 |
_a333.791 S3 _bBC _cLIBRO _d33724002000512 _eLIBRO _h108391 _i104533 _sb |
||
| 949 |
_a333.791 S3 _bBC _cLIBRO _d33724002139074 _eLIBRO _fc.7 _gI.c/e _h111651 _i104533 _sb |
||
| 949 |
_a333.791 S3 _bBC _cLIBRO _d33724002139157 _eLIBRO _fc.6 _gI.c/e _h111650 _i104533 _sb |
||
| 949 |
_a333.791 S3 _bBC _cUACH _d33724002000470 _eUACH _fc.5 _h108395 _i104533 _sb |
||
| 999 |
_c92978 _d92978 |
||